[Event "Muensterland Regionalliga 1819"]
[Site "Germany"]
[Date "2018.12.01"]
[Round "4.5"]
[White "Bauland, Thomas"]
[Black "Pinno, Gregor"]
[Result "0-1"]
[WhiteElo "1830"]
[BlackElo "1813"]
[PlyCount "56"]
[EventDate "2018.09.08"]
[EventType "team-tourn"]
[EventRounds "9"]
[EventCountry "GER"]
[SourceTitle "EXT 2020"]
[Source "ChessBase"]
[SourceDate "2019.10.17"]
[SourceVersion "1"]
[SourceVersionDate "2019.10.17"]
[SourceQuality "1"]
[WhiteTeam "Ahaus Wessum"]
[BlackTeam "Olfen"]
[WhiteTeamCountry "GER"]
[BlackTeamCountry "GER"]

1. d4 d5 2. Nf3 Nf6 3. e3 e6 4. Bd3 c5 5. c3 Nc6 6. 0-0 Be7 7. Nbd2 0-0 8. dxc5 Bxc5 9. e4 Qc7 10. Qe2 dxe4 11. Nxe4 Nxe4 12. Qxe4 f5 13. Qh4 b6 14. Re1 e5 15. Bc4+ Kh8 16. Ng5 h6 17. Qh5 Rf6 18. Qe8+ Bf8 19. Nf7+ Kh7 20. Qxf8 Bb7 21. Qa3 Na5 22. Nxe5 Nxc4 23. Nxc4 Qxc4 24. Qe7 Qd5 25. f3 Rg6 26. Qe2 Re8 27. Qxe8 Rxg2+ 28. Kh1 Qxf3 0-1

[Event "Muensterland Regionalliga 1718"]
[Site "Germany"]
[Date "2017.11.11"]
[Round "3.4"]
[White "Bauland, Thomas"]
[Black "Bruemmer, Andreas"]
[Result "0-1"]
[WhiteElo "1868"]
[BlackElo "1935"]
[PlyCount "74"]
[EventDate "2017.09.02"]
[EventType "team-tourn"]
[EventRounds "9"]
[EventCountry "GER"]
[SourceTitle "EXT 2019"]
[Source "ChessBase"]
[SourceDate "2018.10.10"]
[SourceVersion "1"]
[SourceVersionDate "2018.10.10"]
[SourceQuality "1"]
[WhiteTeam "Ahaus Wessum"]
[BlackTeam "Rheine Klein Berlin"]
[WhiteTeamCountry "GER"]
[BlackTeamCountry "GER"]

1. Nc3 c5 2. Nf3 Nc6 3. e3 e6 4. d4 d5 5. Be2 Nf6 6. 0-0 Qc7 7. b3 cxd4 8. Nb5 Qb8 9. Nbxd4 e5 10. Nxc6 bxc6 11. c4 Bd6 12. h3 0-0 13. Bb2 h6 14. Rc1 a5 15. Qc2 Bd7 16. Nh4 a4 17. c5 Bc7 18. bxa4 Re8 19. g4 Qb4 20. Bd1 Rab8 21. Qb3 Qa5 22. Qc3 Ne4 23. Qxa5 Bxa5 24. Rc2 Nd2 25. Nf3 Nxf1 26. Kxf1 f6 27. Nd2 h5 28. e4 hxg4 29. hxg4 Be6 30. g5 Red8 31. Bf3 Bxd2 32. Rxd2 dxe4 33. Rxd8+ Rxd8 34. Bxe4 Bd5 35. Bxd5+ Rxd5 36. gxf6 gxf6 37. Ba3 Rd4 0-1

[Event "Muensterland Verbandsliga 1617"]
[Site "Germany"]
[Date "2017.05.06"]
[Round "9.3"]
[White "Beckmann, David"]
[Black "Bauland, Thomas"]
[Result "1-0"]
[WhiteElo "1999"]
[BlackElo "1859"]
[PlyCount "91"]
[EventDate "2016.09.10"]
[EventType "team"]
[EventRounds "9"]
[EventCountry "GER"]
[SourceTitle "EXT 2018"]
[Source "ChessBase"]
[SourceDate "2017.10.13"]
[SourceVersion "1"]
[SourceVersionDate "2017.10.13"]
[SourceQuality "1"]
[WhiteTeam "Borken"]
[BlackTeam "Ahaus Wessum"]
[WhiteTeamCountry "GER"]
[BlackTeamCountry "GER"]

1. d4 d5 2. Nf3 Nf6 3. c4 dxc4 4. e3 e6 5. Bxc4 c5 6. 0-0 Nc6 7. b3 cxd4 8. exd4 Be7 9. Bb2 0-0 10. Nc3 a6 11. Re1 b5 12. Be2 Bb7 13. a4 b4 14. Nb1 Rc8 15. Nbd2 Nd5 16. Rc1 Na5 17. Nc4 Nxc4 18. Bxc4 a5 19. Qe2 Qd6 20. Qe5 Rfd8 21. Qxd6 Bxd6 22. Ne5 Rc7 23. Bb5 Bxe5 24. dxe5 Rdc8 25. Rxc7 Rxc7 26. Bd4 Rc8 27. f3 Ne7 28. Bb6 Ra8 29. Rc1 Nd5 30. Bd4 g5 31. Rc5 Kg7 32. Kf2 h5 33. Bc4 Kg6 34. Bd3+ Kg7 35. Be4 Ra6 36. Bd3 Ra8 37. Be4 Ra6 38. Bb2 Ra7 39. Bc1 f6 40. exf6+ Kxf6 41. Bb2+ Nc3 42. Rc7 e5 43. Bxc3 bxc3 44. Bxb7 c2 45. Rc6+ Ke7 46. Bc8 1-0

[Event "Pfalz op-B 8th"]
[Site "Neustadt an der Weinstrasse"]
[Date "2017.02.26"]
[Round "4"]
[White "Bauland, Thomas"]
[Black "Hinrichs, Paul"]
[Result "1/2-1/2"]
[WhiteElo "1916"]
[BlackElo "1821"]
[PlyCount "61"]
[EventDate "2017.02.24"]
[EventType "swiss"]
[EventRounds "7"]
[EventCountry "GER"]
[SourceTitle "CBM 177 Extra"]
[Source "ChessBase"]
[SourceDate "2017.04.27"]
[SourceVersion "1"]
[SourceVersionDate "2017.04.27"]
[SourceQuality "1"]

1. Nc3 Nf6 2. e4 e5 3. Nf3 Nc6 4. d4 exd4 5. Nxd4 Bb4 6. Nxc6 bxc6 7. Bd2 d5 8. exd5 0-0 9. Be2 cxd5 10. 0-0 c6 11. a3 Ba5 12. Bf3 Bc7 13. Re1 Bf5 14. Be3 Re8 15. Rc1 Be5 16. Bd4 Qc7 17. Bxe5 Rxe5 18. Rxe5 Qxe5 19. Qe2 Qd6 20. Re1 Rb8 21. Na4 Kf8 22. Qd2 Nd7 23. b4 a5 24. c3 axb4 25. axb4 Ra8 26. Qe3 Be6 27. Nb6 Nxb6 28. Qxb6 Rb8 29. Qd4 Rc8 30. Qb6 Rb8 31. Qd4 1/2-1/2

[Event "Muensterland Verbandsliga 1617"]
[Site "Germany"]
[Date "2016.10.01"]
[Round "2.2"]
[White "Hedwig, Johannes"]
[Black "Bauland, Thomas"]
[Result "0-1"]
[WhiteElo "1784"]
[BlackElo "1859"]
[PlyCount "80"]
[EventDate "2016.09.10"]
[EventType "team"]
[EventRounds "9"]
[EventCountry "GER"]
[SourceTitle "EXT 2018"]
[Source "ChessBase"]
[SourceDate "2017.10.13"]
[SourceVersion "1"]
[SourceVersionDate "2017.10.13"]
[SourceQuality "1"]
[WhiteTeam "Emsdetten Rochade II"]
[BlackTeam "Ahaus Wessum"]
[WhiteTeamCountry "GER"]
[BlackTeamCountry "GER"]

1. e4 e6 2. d4 d5 3. exd5 exd5 4. Nf3 Bd6 5. Bd3 Nc6 6. c3 Nge7 7. 0-0 Bg4 8. Be3 Qd7 9. Nbd2 0-0-0 10. b4 Nf5 11. Qa4 Kb8 12. Bb5 a6 13. Bxc6 Qxc6 14. Qxc6 bxc6 15. h3 Bh5 16. Rfe1 Nxe3 17. Rxe3 f6 18. Rae1 Rhe8 19. Rxe8 Rxe8 20. Rxe8+ Bxe8 21. g3 Bg6 22. Kg2 Kb7 23. Nb3 Kb6 24. Nfd2 Kb5 25. Kf3 Ka4 26. Na5 Ka3 27. Nxc6 Be8 28. Na5 Kxa2 29. Nb7 Be7 30. Nc5 Bxc5 31. dxc5 Kb2 32. c4 Kc3 33. Ke3 dxc4 34. Ne4+ Kxb4 35. Kd4 a5 36. Nc3 a4 37. Nd5+ Kb3 38. Nxc7 Bc6 39. Nd5 Bxd5 40. Kxd5 c3 0-1

[Event "Muensterland Verbandsliga 1516"]
[Site "Germany"]
[Date "2015.11.21"]
[Round "3.3"]
[White "Tietz, Eric"]
[Black "Bauland, Thomas"]
[Result "1-0"]
[WhiteElo "1906"]
[BlackElo "1872"]
[PlyCount "120"]
[EventDate "2015.09.12"]
[EventType "team"]
[EventRounds "9"]
[EventCountry "GER"]
[SourceTitle "EXT 2017"]
[Source "ChessBase"]
[SourceDate "2016.10.25"]
[SourceVersion "1"]
[SourceVersionDate "2016.10.25"]
[SourceQuality "1"]
[WhiteTeam "Muenster SK IV"]
[BlackTeam "Ahaus Wessum"]
[WhiteTeamCountry "GER"]
[BlackTeamCountry "GER"]

1. e4 e6 2. d4 d5 3. Nd2 Nf6 4. exd5 exd5 5. Ngf3 Bd6 6. Bd3 0-0 7. 0-0 Bg4 8. h3 Bh5 9. c3 Nc6 10. Qc2 Bg6 11. Nh4 Bxd3 12. Qxd3 Ne7 13. Ndf3 Ne4 14. Ng5 Nxg5 15. Bxg5 f6 16. Bd2 Qd7 17. f4 Rae8 18. Rae1 a6 19. f5 Qb5 20. Qxb5 axb5 21. Rf3 Kf7 22. g4 Nc8 23. Ng2 Nb6 24. Bf4 Bxf4 25. Rxf4 Rxe1+ 26. Nxe1 Ra8 27. a3 Re8 28. Kf2 Nc4 29. Nd3 Ke7 30. h4 Kd6 31. g5 Nd2 32. Nc5 b6 33. Ne6 Re7 34. Kg3 Ne4+ 35. Kg4 fxg5 36. hxg5 Rf7 37. Rf3 Kd7 38. Nf4 c6 39. Nd3 Kd6 40. Ne5 Rf8 41. Kf4 h6 42. gxh6 gxh6 43. Rh3 Rf6 44. Ng4 Ng5 45. Re3 Rf8 46. Nxh6 Ne4 47. Rh3 c5 48. Ng4 b4 49. Rh6+ Kc7 50. axb4 cxb4 51. cxb4 Nd6 52. Ne3 Re8 53. Nxd5+ Kc6 54. Nc3 Re1 55. b5+ Kd7 56. Rh7+ Kd8 57. f6 Rf1+ 58. Ke5 Nc4+ 59. Ke6 Re1+ 60. Kd5 Ne3+ 1-0

[Event "Muensterland Verbandsklasse-A 1213"]
[Site "Germany"]
[Date "2013.01.26"]
[Round "5.3"]
[White "Rengers, Rainer"]
[Black "Bauland, Thomas"]
[Result "1/2-1/2"]
[WhiteElo "1683"]
[BlackElo "1918"]
[PlyCount "78"]
[EventDate "2012.09.15"]
[EventType "team-tourn"]
[EventRounds "9"]
[EventCountry "GER"]
[SourceTitle "EXT 2015"]
[Source "ChessBase"]
[SourceDate "2014.11.20"]
[SourceVersion "1"]
[SourceVersionDate "2014.11.20"]
[SourceQuality "1"]
[WhiteTeam "Neuenkirchen II"]
[BlackTeam "Ahaus Wessum"]
[WhiteTeamCountry "GER"]
[BlackTeamCountry "GER"]

1. d4 Nf6 2. c4 e6 3. Nf3 b6 4. g3 Bb7 5. Bg2 Be7 6. 0-0 0-0 7. Nc3 d6 8. Qc2 Nbd7 9. Bd2 c5 10. e4 cxd4 11. Nxd4 Ne5 12. b3 Rc8 13. f4 Nc6 14. Nxc6 Bxc6 15. Qd3 Qc7 16. Qe2 Rfe8 17. Rac1 Qb7 18. Bf3 Nd7 19. Qg2 Nc5 20. Rcd1 a5 21. Be3 Bf6 22. Bxc5 dxc5 23. e5 Be7 24. Bxc6 Qxc6 25. Qxc6 Rxc6 26. Rd7 Rcc8 27. Rfd1 Rcd8 28. Kf2 Kf8 29. Ke3 Rxd7 30. Rxd7 Rb8 31. a4 Ke8 32. Rd3 Rd8 33. Rxd8+ Bxd8 34. Ne4 Ke7 35. Ng5 h6 36. Nf3 f6 37. g4 Kf7 38. h4 Bc7 39. Ke4 g6 1/2-1/2

[Event "Niedersachsen-ch op"]
[Site "Verden"]
[Date "2011.01.02"]
[Round "1"]
[White "Reuker, Jari"]
[Black "Bauland, Thomas"]
[Result "0-1"]
[WhiteElo "1522"]
[BlackElo "1960"]
[PlyCount "96"]
[EventDate "2011.01.02"]
[EventType "swiss"]
[EventRounds "7"]
[EventCountry "GER"]
[SourceTitle "EXT 2018"]
[Source "ChessBase"]
[SourceDate "2017.10.13"]
[SourceVersion "1"]
[SourceVersionDate "2017.10.13"]
[SourceQuality "1"]

1. e4 e6 2. d4 d5 3. Nc3 h6 4. Nf3 Nf6 5. Bd3 Bb4 6. e5 Ne4 7. Bd2 Nxd2 8. Nxd2 c5 9. a3 cxd4 10. axb4 dxc3 11. bxc3 Qc7 12. c4 Qxe5+ 13. Be2 dxc4 14. Nxc4 Qc3+ 15. Nd2 0-0 16. 0-0 Nc6 17. Rb1 Rd8 18. Ne4 Qe5 19. Bd3 b6 20. Re1 Qc7 21. c3 Ne5 22. Re3 Bb7 23. Qe2 Nxd3 24. Rxd3 Rxd3 25. Qxd3 Rd8 26. Qg3 Qxg3 27. Nxg3 Rd2 28. Rc1 Kf8 29. f3 f5 30. Kf1 Ba6+ 31. Kg1 Bc4 32. Re1 Rc2 33. Re3 f4 34. Re4 Rc1+ 35. Kf2 fxg3+ 36. Kxg3 Rxc3 37. Kf4 Bd5 38. Rd4 Rc4 39. Ke3 Rxd4 40. Kxd4 a5 41. bxa5 bxa5 42. Kc5 a4 43. Kb4 Bb3 44. Ka3 Ke7 45. f4 g5 46. g3 gxf4 47. gxf4 Kf6 48. Kb2 Kf5 0-1

[Event "Niedersachsen-ch"]
[Site "Verden"]
[Date "2008.01.03"]
[Round "2"]
[White "Bauland, Thomas"]
[Black "Konow, Philipp"]
[Result "1-0"]
[WhiteElo "1964"]
[BlackElo "1821"]
[PlyCount "83"]
[EventDate "2008.01.03"]
[EventType "swiss"]
[EventRounds "7"]
[EventCountry "GER"]
[SourceTitle "EXT 2010"]
[Source "ChessBase"]
[SourceDate "2010.11.25"]
[SourceVersion "1"]
[SourceVersionDate "2010.11.25"]
[SourceQuality "1"]

1. d4 d5 2. c4 e6 3. Nc3 c6 4. e3 f5 5. Nf3 Bd6 6. Be2 Nf6 7. Ne5 0-0 8. 0-0 b6 9. cxd5 exd5 10. f4 Qe8 11. Qc2 Ne4 12. Bd2 Nxc3 13. bxc3 Ba6 14. Bxa6 Nxa6 15. Qa4 Bxe5 16. fxe5 Nc7 17. c4 Qg6 18. Rf3 Rfc8 19. Raf1 Qe6 20. Rxf5 dxc4 21. Qc2 Qd5 22. Bc3 Nb5 23. Bb2 c5 24. a4 c3 25. axb5 cxb2 26. Qxb2 Qe4 27. Qf2 cxd4 28. exd4 Rd8 29. Rf4 Qd3 30. Qa2+ Kh8 31. Qf7 h6 32. e6 Qe3+ 33. Kh1 Rf8 34. Qxf8+ Rxf8 35. Rxf8+ Kh7 36. d5 Qc5 37. h3 Kg6 38. R1f3 Qd6 39. R8f7 Qxd5 40. Rg3+ Kh5 41. Rgxg7 Qxe6 42. Rf5+ 1-0

[Event "Niedersachsen-ch op"]
[Site "Verden"]
[Date "2007.01.05"]
[Round "3"]
[White "Bauland, Thomas"]
[Black "Kimmich, Bernd"]
[Result "1-0"]
[WhiteElo "1931"]
[BlackElo "1809"]
[PlyCount "63"]
[EventDate "2007.01.04"]
[EventType "swiss"]
[EventRounds "7"]
[EventCountry "GER"]
[SourceTitle "EXT 2021"]
[Source "ChessBase"]
[SourceDate "2020.10.23"]
[SourceVersion "1"]
[SourceVersionDate "2020.10.23"]
[SourceQuality "1"]

1. d4 d5 2. c4 c6 3. cxd5 cxd5 4. Nc3 Nc6 5. Nf3 Nf6 6. a3 Qb6 7. Na4 Qc7 8. g3 e6 9. Bg2 Bd6 10. 0-0 0-0 11. b4 b6 12. Nb2 Ba6 13. Nd3 Ne4 14. Qb3 Bc4 15. Qb2 Rfc8 16. Nfe5 Bxe5 17. dxe5 b5 18. f3 Bxd3 19. exd3 Nxe5 20. dxe4 Nd3 21. Qd2 Qc4 22. Bb2 Qb3 23. Bd4 e5 24. Bc5 d4 25. Rfb1 Qc4 26. Bf1 Nxc5 27. Bxc4 bxc4 28. bxc5 Rxc5 29. Qb4 Rc7 30. Qb8+ Rc8 31. Qxe5 d3 32. Qc3 1-0

[Event "Niedersachsen-ch op"]
[Site "Verden"]
[Date "2007.01.05"]
[Round "6"]
[White "Wickert, Detlef"]
[Black "Bauland, Thomas"]
[Result "1/2-1/2"]
[WhiteElo "2026"]
[BlackElo "1931"]
[PlyCount "104"]
[EventDate "2007.01.04"]
[EventType "swiss"]
[EventRounds "7"]
[EventCountry "GER"]
[SourceTitle "EXT 2021"]
[Source "ChessBase"]
[SourceDate "2020.10.23"]
[SourceVersion "1"]
[SourceVersionDate "2020.10.23"]
[SourceQuality "1"]

1. e4 d5 2. exd5 Qxd5 3. d4 c6 4. Nf3 Bf5 5. Bd3 Bxd3 6. Qxd3 Nf6 7. 0-0 e6 8. Re1 Bb4 9. c3 Be7 10. c4 Qd8 11. Nc3 0-0 12. Bg5 Nbd7 13. Rad1 h6 14. Bh4 Bb4 15. a3 Bxc3 16. Qxc3 Rc8 17. b4 b5 18. c5 Nd5 19. Qd2 Qe8 20. Ne5 Nxe5 21. dxe5 Qd7 22. Re4 Qc7 23. f4 a5 24. bxa5 Ra8 25. Be1 Rfd8 26. Rd4 Qe7 27. Qc1 Rd7 28. Bb4 Rda7 29. R1d3 g6 30. Qe1 Kg7 31. g4 Rh8 32. Rg3 h5 33. f5 Qh4 34. Qf2 Qd8 35. gxh5 Rxh5 36. fxg6 fxg6 37. Qg2 Qe8 38. Rdg4 Ne7 39. Rh3 Rxh3 40. Qxh3 Nf5 41. Qf3 Rf7 42. Qe4 Qd7 43. Kh1 Rf8 44. Be1 Rh8 45. Rg5 Rh3 46. Qg2 Rh6 47. a6 Qd1 48. Qd2 Qxd2 49. Bxd2 Rh8 50. Rg4 Ra8 51. a4 Rxa6 52. axb5 cxb5 1/2-1/2

[Event "Baunatal op 8th"]
[Site "Baunatal"]
[Date "2002.08.11"]
[Round "6"]
[White "Bauland, Thomas"]
[Black "Zaerban, Jan Christopher"]
[Result "0-1"]
[WhiteElo "1784"]
[BlackElo "2105"]
[PlyCount "104"]
[EventDate "2002.08.09"]
[EventType "swiss"]
[EventRounds "7"]
[EventCountry "GER"]
[SourceTitle "EXT 2003"]
[Source "ChessBase"]
[SourceDate "2002.11.25"]
[SourceVersion "1"]
[SourceVersionDate "2002.11.25"]
[SourceQuality "1"]

1. d4 d5 2. c4 c6 3. cxd5 cxd5 4. Nf3 Nc6 5. Nc3 Nf6 6. Bg5 Ne4 7. Bf4 a6 8. Qb3 e6 9. e3 Bd6 10. Bxd6 Nxd6 11. Bd3 Bd7 12. 0-0 0-0 13. Rac1 Na5 14. Qd1 Nac4 15. Qe2 Rc8 16. b3 Na3 17. Ne5 Bb5 18. Nxb5 Naxb5 19. Qh5 h6 20. Qe2 Nc3 21. Qb2 Qa5 22. Rc2 Ncb5 23. Rfc1 Na7 24. Nd7 Rxc2 25. Rxc2 Rc8 26. Rxc8+ Naxc8 27. b4 Qa4 28. Ne5 Qd1+ 29. Bf1 Ne4 30. Qe2 Qxe2 31. Bxe2 Nc3 32. Bd3 Nxa2 33. b5 a5 34. e4 Nb4 35. exd5 Nxd3 36. Nxd3 exd5 37. Nc5 b6 38. Na4 Nd6 39. Nxb6 Nxb5 40. Nxd5 Nxd4 41. Nc3 Kf8 42. Kf1 Ke7 43. Ke1 Kd6 44. Kd2 Kc5 45. Kd3 Ne6 46. g3 Kb4 47. f4 a4 48. Nxa4 Kxa4 49. Kc4 g5 50. Kd5 gxf4 51. gxf4 Nxf4+ 52. Ke5 Nh5 0-1

[Event "Baunatal op 8th"]
[Site "Baunatal"]
[Date "2002.08.11"]
[Round "7"]
[White "Rafiee, Makan"]
[Black "Bauland, Thomas"]
[Result "1/2-1/2"]
[WhiteElo "1490"]
[BlackElo "1784"]
[PlyCount "72"]
[EventDate "2002.08.09"]
[EventType "swiss"]
[EventRounds "7"]
[EventCountry "GER"]
[SourceTitle "EXT 2003"]
[Source "ChessBase"]
[SourceDate "2002.11.25"]
[SourceVersion "1"]
[SourceVersionDate "2002.11.25"]
[SourceQuality "1"]

1. e4 d5 2. exd5 Qxd5 3. Nc3 Qa5 4. d4 c6 5. Bc4 Bf5 6. Nf3 Nf6 7. 0-0 e6 8. Bd2 Nbd7 9. Bb3 Bg4 10. Nd5 Qd8 11. Ne3 Bh5 12. c3 Ne4 13. Nc4 b5 14. Bc2 Nxd2 15. Ncxd2 Bd6 16. a4 Nf6 17. Ne4 Bg6 18. Nxf6+ Qxf6 19. axb5 cxb5 20. Ra6 Qd8 21. Qe2 Bxc2 22. Qxc2 0-0 23. h4 h6 24. Qd3 Qd7 25. Re1 Rfd8 26. Rea1 Qb7 27. R1a5 b4 28. c4 e5 29. d5 Qe7 30. Qb3 Bc5 31. Nxe5 Qxe5 32. Rxc5 Qe1+ 33. Kh2 Qxf2 34. Qxb4 Rab8 35. Rb5 Qxh4+ 36. Kg1 Rxb5 1/2-1/2

[Event "GER-ch33 V02 email"]
[Site "GER email"]
[Date "2002.??.??"]
[Round "?"]
[White "Bauland, Thomas"]
[Black "Raessler, Arndt"]
[Result "0-1"]
[WhiteElo "2057"]
[BlackElo "2097"]
[PlyCount "98"]
[EventDate "2002.??.??"]
[EventType "tourn (corr)"]
[EventRounds "12"]
[EventCountry "GER"]
[SourceTitle "Corr 2011"]
[Source "ChessBase"]
[SourceDate "2010.08.31"]
[SourceVersion "1"]
[SourceVersionDate "2010.08.31"]
[SourceQuality "1"]

1. Nc3 d5 2. e4 d4 3. Nce2 e5 4. Ng3 Be6 5. c3 c5 6. Bb5+ Nd7 7. Qh5 Bd6 8. Nf5 Bxf5 9. Qxf5 Ne7 10. Qh5 0-0 11. Ne2 Rc8 12. 0-0 Nf6 13. Qf3 Qa5 14. a4 a6 15. Bc4 b5 16. Ba2 c4 17. cxd4 exd4 18. d3 Qc7 19. axb5 axb5 20. Kh1 Nc6 21. Bg5 Ne5 22. Qf5 Nfg4 23. dxc4 bxc4 24. Nxd4 Bc5 25. f3 g6 26. Qf4 Bxd4 27. fxg4 Nd3 28. Qd2 Ra8 29. Bxc4 Nf2+ 30. Rxf2 Rxa1+ 31. Rf1 Rxf1+ 32. Bxf1 Qe5 33. Qf4 Bxb2 34. Qxe5 Bxe5 35. g3 Kg7 36. Bf4 Re8 37. Bb5 Re7 38. Bc6 h6 39. h4 f6 40. Bd5 g5 41. Bxe5 fxe5 42. Kg2 Rc7 43. Kf3 Rc3+ 44. Kg2 Kf6 45. Bg8 Ke7 46. hxg5 hxg5 47. Kf2 Kd6 48. Bd5 Kc5 49. Be6 Kd4 0-1

[Event "GER-ch33 V02 email"]
[Site "GER email"]
[Date "2002.??.??"]
[Round "?"]
[White "Bauland, Thomas"]
[Black "Rosenzweig, Peter"]
[Result "0-1"]
[WhiteElo "2057"]
[BlackElo "2286"]
[PlyCount "30"]
[EventDate "2002.??.??"]
[EventType "tourn (corr)"]
[EventRounds "12"]
[EventCountry "GER"]
[SourceTitle "Corr 2011"]
[Source "ChessBase"]
[SourceDate "2010.08.31"]
[SourceVersion "1"]
[SourceVersionDate "2010.08.31"]
[SourceQuality "1"]

1. Nc3 d5 2. e4 d4 3. Nce2 e5 4. Ng3 Be6 5. Nf3 f6 6. Be2 Qd7 7. 0-0 Nc6 8. d3 0-0-0 9. Bd2 Kb8 10. Nh4 g6 11. f4 exf4 12. Nh1 g5 13. Nf3 Bd6 14. Nf2 h5 15. c3 dxc3 0-1

[Event "GER-ch33 V02 email"]
[Site "GER email"]
[Date "2002.??.??"]
[Round "?"]
[White "Bauland, Thomas"]
[Black "Weber, Karlheinz"]
[Result "0-1"]
[WhiteElo "2057"]
[BlackElo "2170"]
[PlyCount "76"]
[EventDate "2002.??.??"]
[EventType "tourn (corr)"]
[EventRounds "12"]
[EventCountry "GER"]
[SourceTitle "Corr 2011"]
[Source "ChessBase"]
[SourceDate "2010.08.31"]
[SourceVersion "1"]
[SourceVersionDate "2010.08.31"]
[SourceQuality "1"]

1. Nc3 c5 2. Nf3 Nc6 3. d4 cxd4 4. Nxd4 Nf6 5. Bg5 e6 6. e3 Bb4 7. Qd2 Ne4 8. Bxd8 Nxd2 9. Kxd2 Kxd8 10. Rd1 Nxd4 11. exd4 d5 12. Bd3 Bd6 13. Ne2 b5 14. Ng1 b4 15. Nf3 a5 16. Ne5 Ke7 17. Rhe1 Ba6 18. Bxa6 Rxa6 19. Kd3 f6 20. Ng4 Rc6 21. Ne3 Kd7 22. g3 Rhc8 23. f4 f5 24. Rd2 a4 25. Nd1 Be7 26. Rde2 Bf6 27. c3 a3 28. b3 bxc3 29. Rc2 Rb6 30. Rxc3 Rb4 31. Rxc8 Rxd4+ 32. Kc2 Kxc8 33. Nc3 Kd7 34. Nb5 Re4 35. Rxe4 fxe4 36. Nxa3 Kc6 37. Kd2 Kc5 38. Ke2 g5 0-1

[Event "GER-ch33 V02 email"]
[Site "GER email"]
[Date "2002.??.??"]
[Round "?"]
[White "Warzecha, Helmut"]
[Black "Bauland, Thomas"]
[Result "1/2-1/2"]
[WhiteElo "1974"]
[BlackElo "2057"]
[PlyCount "44"]
[EventDate "2002.??.??"]
[EventType "tourn (corr)"]
[EventRounds "12"]
[EventCountry "GER"]
[SourceTitle "Corr 2011"]
[Source "ChessBase"]
[SourceDate "2010.08.31"]
[SourceVersion "1"]
[SourceVersionDate "2010.08.31"]
[SourceQuality "1"]

1. e4 d5 2. exd5 Qxd5 3. Nc3 Qa5 4. d4 c6 5. Nf3 Nf6 6. h3 Bf5 7. g4 Bg6 8. Ne5 Ne4 9. Bd2 Qb6 10. Nxg6 Nxc3 11. bxc3 hxg6 12. Rb1 Qc7 13. Qf3 e5 14. Qe4 Nd7 15. f4 0-0-0 16. fxe5 Be7 17. Bg2 Bh4+ 18. Kd1 Nb6 19. Rf1 Qe7 20. Rb3 Nc4 21. Bf4 Qe6 22. g5 Na5 1/2-1/2